Kontrola zverejňovania súhrnných správ podľa zákona o verejnom obstarávaní

Právna úprava zákaziek s nízkou hodnotou - rok 2018. Hlavná úloha kontrolóra v rámci kontroly daných zákaziek. Zmena právnej úpravy zákaziek s nízkou hodnotou v roku 2019. Rozšírenie oprávnení pre verejného obstarávateľa. Kontrola zákaziek s nízkou hodnotou a zmlúv so zmluvnými cenami vyššími ako 10...

Descrizione completa

Salvato in:
Dettagli Bibliografici
Autore principale: Konečná Veverková, Ingrid
Natura: Capitolo di libro
Lingua:slovacco
Soggetti:
Tags: Aggiungi Tag
Nessun Tag, puoi essere il primo ad aggiungerne!!

MARC

LEADER 00000naa a2200000 4500
001 0258691
005 20191003091012.9
041 0 |a slo 
044 |a SK 
245 1 0 |a Kontrola zverejňovania súhrnných správ podľa zákona o verejnom obstarávaní  |c Ingrid Konečná Veverková 
520 |a Právna úprava zákaziek s nízkou hodnotou - rok 2018. Hlavná úloha kontrolóra v rámci kontroly daných zákaziek. Zmena právnej úpravy zákaziek s nízkou hodnotou v roku 2019. Rozšírenie oprávnení pre verejného obstarávateľa. Kontrola zákaziek s nízkou hodnotou a zmlúv so zmluvnými cenami vyššími ako 1000 eur- rok 2019. Zistené nedostatky. 
610 2 0 |a kontrola 
610 2 0 |a legislatíva 
610 2 0 |a obstarávanie verejné 
610 2 0 |a zákazky 
610 2 0 |a ceny zmluvné 
100 1 |a Konečná Veverková, Ingrid